| 000 | 00451ntaaa2200181 4500 | ||
|---|---|---|---|
| 003 | 01 | ||
| 005 | 20251027201545.0 | ||
| 008 | 0714s1973 ag 01 | ||
| 040 |
_aAR-BaBN _bspa _cAR-BaBN _eaacr _dRIC |
||
| 082 | _a230.0000 Ag1 | ||
| 100 |
_aAgar Beet, Joseph _914265 |
||
| 245 | _aNew Life in Christ | ||
| 250 |
_a1 ed. : _bHunt and Eaton, _c1895 |
||
| 300 | _a347 p. | ||
| 500 | _a"A study in personal religion" | ||
| 650 | _aTeologĂa | ||
| 942 | _cBK | ||
| 999 |
_c10202 _d10202 |
||